Associez les bons prénoms pour former un nom complet #2 - Statistiques

Statistiques générales
  • Ce quiz a été pris 4 388 fois
    4 249 depuis la dernière actualisation
  • Le résultat moyen est 9 sur 20
Statistiques - réponses
Nom complet % Correct
Joyce Jonathan Joyce Jonathan
84%
Muriel Robin Muriel Robin
79%
Victor Hugo Victor Hugo
73%
Philippe Katerine Philippe Katerine
71%
Estelle Denis Estelle Denis
60%
Éric Antoine Éric Antoine
58%
Édouard Philippe Édouard Philippe
52%
Romain Gary Romain Gary
44%
Xavier Bertrand Xavier Bertrand
39%
Albin Michel Albin Michel
38%
Jacques-Louis David Jacques-Louis David
38%
Thierry Roland Thierry Roland
38%
Catherine Lara Catherine Lara
36%
Amandine Henry Amandine Henry
32%
Frédéric François Frédéric François
32%
Jean Yanne Jean Yanne
28%
Monique Olivier Monique Olivier
24%
Jean-Marc Thibault Jean-Marc Thibault
22%
Alain Robert Alain Robert
19%
Simonne Mathieu Simonne Mathieu
18%
Aucun quiz correspondant
Distribution des résultats
% des personnes avec chaque résultat
Percentile par nombre de réponses
Votre historique - résultats
Vous n’avez pas pris ce quiz depuis la dernière actualisation